ARRUPE JESUIT UNIVERSITY

CORONAVIRUS -STOP THE SPREAD - CLEAN,DISINFECT,COVER

The Zulu War / (Record no. 120318)

MARC details
000 -LEADER
fixed length control field 00922cam a2200301 a 4500
001 - CONTROL NUMBER
control field 3397041
003 - CONTROL NUMBER IDENTIFIER
control field ARRUPE
005 - DATE AND TIME OF LATEST TRANSACTION
control field 20140327163940.0
008 - FIXED-LENGTH DATA ELEMENTS--GENERAL INFORMATION
fixed length control field 890118r19891973cauaf b 001 0 eng
010 ## - LIBRARY OF CONGRESS CONTROL NUMBER
LC control number 89000576
020 ## - INTERNATIONAL STANDARD BOOK NUMBER
International Standard Book Number 0809575256 :
Terms of availability $19.95
040 ## - CATALOGING SOURCE
Original cataloging agency DLC
Transcribing agency DLC
Modifying agency DLC
043 ## - GEOGRAPHIC AREA CODE
Geographic area code f-sa---
050 00 - LIBRARY OF CONGRESS CALL NUMBER
Classification number DT777
Item number .C54 1989
082 00 - DEWEY DECIMAL CLASSIFICATION NUMBER
Classification number 968.4/045
Edition number 19
300 ## - PHYSICAL DESCRIPTION
Other physical details ill. ;
Dimensions 20 cm.
100 1# - MAIN ENTRY--PERSONAL NAME
Personal name Clammer, David.
9 (RLIN) 9576
245 14 - TITLE STATEMENT
Title The Zulu War /
Statement of responsibility, etc by David Clammer.
260 ## - PUBLICATION, DISTRIBUTION, ETC. (IMPRINT)
Place of publication, distribution, etc Cape Town
Name of publisher, distributor, etc Purnell
Date of publication, distribution, etc 1973.
300 ## - PHYSICAL DESCRIPTION
Extent 239 p., [16] p. of plates :
440 #0 - SERIES STATEMENT/ADDED ENTRY--TITLE
Title Battle standards
9 (RLIN) 9577
500 ## - GENERAL NOTE
General note Reprint. Originally published: Newton Abbot : David and Charles, 1973.
500 ## - GENERAL NOTE
General note Includes index.
504 ## - BIBLIOGRAPHY, ETC. NOTE
Bibliography, etc Bibliography: p. 227-230.
650 #0 - SUBJECT ADDED ENTRY--TOPICAL TERM
Topical term or geographic name as entry element Zulu War, 1879.
9 (RLIN) 9578
906 ## - LOCAL DATA ELEMENT F, LDF (RLIN)
a 7
b cbc
c orignew
d 1
e ocip
f 19
g y-gencatlg
942 ## - ADDED ENTRY ELEMENTS (KOHA)
Source of classification or shelving scheme Library of Congress Classification
Koha item type REFERENCE
Holdings
Withdrawn status Lost status Source of classification or shelving scheme Damaged status Not for loan Collection code Home library Current library Shelving location Date acquired Total Checkouts Full call number Barcode Date last seen Price effective from Koha item type
    Library of Congress Classification     SPECIAL Collection ARRUPE LIBRARY ARRUPE LIBRARY Main Collection 27/03/2014   SPC DT777 .C54 1989 46500001803 27/03/2014 27/03/2014 REFERENCE

 

Arrupe Library. PO Box MP320 Mt Pleasant, Harare, Zimbabwe
263 242 745411|librarian@aju.ac.zw